000 00316nam a2200121Ia 4500
008 190902s9999||||xx |||||||||||||| ||und||
020 _a0-8013-0403-2
100 _aSobel,David S.
245 4 _aThe Healthy mind Healthy body handbook
260 _aNew York
_bPatient Education
_c1996
300 _a284P.:
942 _cBK
999 _c2807
_d2807